<?xml version="1.0" encoding="UTF-8"?>
<record
    xmlns:xsi="http://www.w3.org/2001/XMLSchema-instance"
    xsi:schemaLocation="http://www.loc.gov/MARC21/slim http://www.loc.gov/standards/marcxml/schema/MARC21slim.xsd"
    xmlns="http://www.loc.gov/MARC21/slim">

  <leader>00720nam a22001577a 4500</leader>
  <controlfield tag="003">OSt</controlfield>
  <controlfield tag="005">20151216154654.0</controlfield>
  <controlfield tag="008">151216b        xxu||||| |||| 00| 0 eng d</controlfield>
  <datafield tag="040" ind1=" " ind2=" ">
    <subfield code="c">RUA</subfield>
  </datafield>
  <datafield tag="082" ind1=" " ind2=" ">
    <subfield code="a">AED LOR 2005 B219 Or.1</subfield>
  </datafield>
  <datafield tag="100" ind1=" " ind2=" ">
    <subfield code="9">4958</subfield>
    <subfield code="a">LORN, MENGHIA.</subfield>
  </datafield>
  <datafield tag="245" ind1=" " ind2=" ">
    <subfield code="a">The study on environmental streng thening proogram in samakimeanchey district kompong chhnang provine by LWF organization, &#x179F;&#x17B7;&#x1780;&#x17D2;&#x179F;&#x17B6;&#x1796;&#x17B8;&#x1780;&#x1798;&#x17D2;&#x1798;&#x179C;&#x17B7;&#x1792;&#x17B8;&#x1796;&#x1784;&#x17D2;&#x179A;&#x17B9;&#x1784;&#x1794;&#x179A;&#x17B7;&#x179F;&#x17D2;&#x1790;&#x17B6;&#x1793;&#x1793;&#x17C5;&#x179F;&#x17D2;&#x179A;&#x17BB;&#x1780;&#x179F;&#x17B6;&#x1798;&#x1782;&#x17D2;&#x1782;&#x17B8;&#x1798;&#x17B6;&#x1793;&#x1787;&#x17D0;&#x1799; &#x1781;&#x17C1;&#x178F;&#x17D2;&#x178F;&#x1780;&#x17C6;&#x1796;&#x1784;&#x17CB;&#x1786;&#x17D2;&#x1793;&#x17B6;&#x17C6;&#x1784; &#x178A;&#x17C4;&#x1799;&#x17A2;&#x1784;&#x17D2;&#x1782;&#x1780;&#x17B6;&#x179A; LWF</subfield>
  </datafield>
  <datafield tag="260" ind1=" " ind2=" ">
    <subfield code="a">Phnom Penh</subfield>
    <subfield code="b">RUA</subfield>
    <subfield code="c">2005</subfield>
  </datafield>
  <datafield tag="300" ind1=" " ind2=" ">
    <subfield code="a">x; 49p.</subfield>
    <subfield code="b">ill.</subfield>
    <subfield code="c">29c.</subfield>
  </datafield>
  <datafield tag="942" ind1=" " ind2=" ">
    <subfield code="2">ddc</subfield>
    <subfield code="c">AED</subfield>
  </datafield>
  <datafield tag="999" ind1=" " ind2=" ">
    <subfield code="c">4607</subfield>
    <subfield code="d">4607</subfield>
  </datafield>
  <datafield tag="952" ind1=" " ind2=" ">
    <subfield code="0">0</subfield>
    <subfield code="1">0</subfield>
    <subfield code="2">ddc</subfield>
    <subfield code="4">0</subfield>
    <subfield code="6">AED_LOR_2005_000000000000000_B219_OR_1</subfield>
    <subfield code="7">0</subfield>
    <subfield code="9">23795</subfield>
    <subfield code="a">LBB</subfield>
    <subfield code="b">LBB</subfield>
    <subfield code="c">B219</subfield>
    <subfield code="d">2015-12-16</subfield>
    <subfield code="o">AED LOR 2005 B219 Or.1</subfield>
    <subfield code="p">RUA030301</subfield>
    <subfield code="r">2015-12-16</subfield>
    <subfield code="w">2015-12-16</subfield>
    <subfield code="y">AED</subfield>
  </datafield>
  <datafield tag="952" ind1=" " ind2=" ">
    <subfield code="0">0</subfield>
    <subfield code="1">0</subfield>
    <subfield code="2">ddc</subfield>
    <subfield code="4">0</subfield>
    <subfield code="6">AED_LOR_2005_000000000000000_B219_OR_2</subfield>
    <subfield code="7">0</subfield>
    <subfield code="9">23796</subfield>
    <subfield code="a">LBB</subfield>
    <subfield code="b">LBB</subfield>
    <subfield code="c">B219</subfield>
    <subfield code="d">2015-12-16</subfield>
    <subfield code="o">AED LOR 2005 B219 Or.2</subfield>
    <subfield code="p">RUA030365</subfield>
    <subfield code="r">2015-12-16</subfield>
    <subfield code="w">2015-12-16</subfield>
    <subfield code="y">AED</subfield>
  </datafield>
  <datafield tag="952" ind1=" " ind2=" ">
    <subfield code="0">0</subfield>
    <subfield code="1">0</subfield>
    <subfield code="2">ddc</subfield>
    <subfield code="4">0</subfield>
    <subfield code="6">AED_LOR_2005_000000000000000_B219_OR_3</subfield>
    <subfield code="7">0</subfield>
    <subfield code="9">23797</subfield>
    <subfield code="a">LBB</subfield>
    <subfield code="b">LBB</subfield>
    <subfield code="c">B219</subfield>
    <subfield code="d">2015-12-16</subfield>
    <subfield code="o">AED LOR 2005 B219 Or.3</subfield>
    <subfield code="p">RUA030367</subfield>
    <subfield code="r">2015-12-16</subfield>
    <subfield code="w">2015-12-16</subfield>
    <subfield code="y">AED</subfield>
  </datafield>
  <datafield tag="952" ind1=" " ind2=" ">
    <subfield code="0">0</subfield>
    <subfield code="1">0</subfield>
    <subfield code="2">ddc</subfield>
    <subfield code="4">0</subfield>
    <subfield code="6">AED_LOR_2005_000000000000000_B219_OR_4</subfield>
    <subfield code="7">0</subfield>
    <subfield code="9">23798</subfield>
    <subfield code="a">LBB</subfield>
    <subfield code="b">LBB</subfield>
    <subfield code="c">B219</subfield>
    <subfield code="d">2015-12-16</subfield>
    <subfield code="o">AED LOR 2005 B219 Or.4</subfield>
    <subfield code="p">RUA030368</subfield>
    <subfield code="r">2015-12-16</subfield>
    <subfield code="w">2015-12-16</subfield>
    <subfield code="y">AED</subfield>
  </datafield>
  <datafield tag="952" ind1=" " ind2=" ">
    <subfield code="0">0</subfield>
    <subfield code="1">0</subfield>
    <subfield code="2">ddc</subfield>
    <subfield code="4">0</subfield>
    <subfield code="6">AED_LOR_2005_000000000000000_B219_OR_5</subfield>
    <subfield code="7">0</subfield>
    <subfield code="9">23799</subfield>
    <subfield code="a">LBB</subfield>
    <subfield code="b">LBB</subfield>
    <subfield code="c">B219</subfield>
    <subfield code="d">2015-12-16</subfield>
    <subfield code="o">AED LOR 2005 B219 Or.5</subfield>
    <subfield code="p">RUA030226</subfield>
    <subfield code="r">2015-12-16</subfield>
    <subfield code="w">2015-12-16</subfield>
    <subfield code="y">AED</subfield>
  </datafield>
</record>
